| 000 | 00567nam a2200193Ia 4500 | ||
|---|---|---|---|
| 005 | 20250508162642.0 | ||
| 008 | 008 250505s9999 xx 000 0 eng d | ||
| 020 | _a92-3-102356-X | ||
| 037 | _aTextual | ||
| 040 |
_aFEDL _beng _cFEDL |
||
| 041 |
_aeng _2eng |
||
| 084 |
_a370, UNE _qFEDL |
||
| 245 | 0 | _aTeaching of contemporary World issues | |
| 260 |
_aParis, France _bUnited Nations Educational Scientific and Cultural Organization _c1986 |
||
| 300 | _axiii,198p | ||
| 650 | _aEducation | ||
| 942 |
_cTEXL _h370, UNE |
||
| 999 |
_c1377858 _d1377858 |
||